Statistics for Love in the Answer Quiz

Click here to take the quiz!

General Stats

  • This quiz has been taken 28,964 times
    (18,802 since last reset)
  • The average score is 10 of 20

Answer Stats

ClueAnswer% Correct
All is fair in...Love and War
94%
Kurt Cobain's widowCourtney Love
78%
Three-person romantic entanglementLove Triangle
78%
Lucille Ball showI Love Lucy
67%
1980s TV show on a cruise shipThe Love Boat
66%
Grabbable side flabLove Handles
65%
A VW Beetle named HerbieThe Love Bug
65%
They together like a horse and carriageLove and Marriage
60%
Hugh Grant rom-comLove Actually
58%
Baby don't hurt me,
don't hurt me, no more
What is Love
52%
Philosophic, non-sexual lovePlatonic Love
48%
Term for love that is not reciprocatedUnrequited Love
46%
San Francisco, 1967Summer of Love
36%
She knows what you did last summerJennifer Love Hewitt
35%
Soft Cell songTainted Love
35%
1963 James Bond movieFrom Russia with Love
33%
Lionel Richie/Diana Ross duetEndless Love
32%
How I learned to stop worrying
and love the bomb
Dr. Strangelove
30%
Shakespeare playLove's Labour's Lost
18%
Former Berlin techno festivalLove Parade
10%

Score Distribution

Percentile by Number Answered

Percent of People with Each Score

Your Score History

You have not taken this quiz since the last reset